Statistics for Teen Wolf Mega Quiz

Click here to take the quiz!

General Stats

  • This quiz has been taken 2,584 times
  • The average score is 8 of 15

Answer Stats

Hint Answer % Correct
Lydia is a...Banshee
97%
Who is a werecoyote?Malia
94%
Who was a kanima?Jackson
83%
What's Stiles last name?Stilinski
80%
Stiles drives a...Jeep
73%
Kira Yukimura is a...Kitsune
58%
How did Allison die?stab
56%
Name a mentally ill bansheeMeredith
55%
What colour is Lydia's hair?Strawberry blonde
45%
What's the name of asylum?Eichen House
38%
Alan Deaton is a...Druid
27%
How much was Liam worth on the deadpool?3
27%
Isaac went to...Paris
22%
Where is the deadpool located?Lake house
17%
How do you call a mountain lion?Cougar
5%

Score Distribution

Percentile by Number Answered

Percent of People with Each Score

Your Score History

You have not taken this quiz